| 000 | 01025nam a2200265 a 4500 | ||
|---|---|---|---|
| 001 | 000003144 | ||
| 005 | 20200929150337.0 | ||
| 008 | 771130s1966 ag 001 0 spa | ||
| 040 |
_aDO-SdBNP _bspa _cBNPHU |
||
| 041 | 1 | 7 |
_aspa _heng _2Código de idioma MARC |
| 082 |
_a792.0973 _bK94h |
||
| 100 | 1 |
_aKrutch, Joseph Wood, _d1893 -1970 _99919 |
|
| 240 | 1 | 4 |
_aThe American drama since 1918: an informal history. _lEspañol |
| 245 | 1 | 0 |
_aHistoria informal del teatro norteamericano : _ba partir de 1918 / _cJoseph Wood Krutch; traducción, Aníbal Leal. |
| 260 |
_aBuenos Aires : _bHobbs-Sudamericana, _c1966. |
||
| 300 |
_a263 p. ; _c19 cm. |
||
| 490 | 1 | _aHombre y Literatura | |
| 500 | _aIncluye índice de autores y obras | ||
| 500 | _aTraducido del inglés: | ||
| 650 | 4 |
_aTeatro estadounidenses _xHistoria y crítica _99920 |
|
| 650 | 4 |
_aLiteratura estadounidense _xHistoria y crítica _96786 |
|
| 700 | 1 |
_aLeal, Aníbal, _etr. _94573 |
|
| 830 | 0 |
_aHombre y Literatura _99921 |
|
| 910 | _aValidado. Control de calidad BNPHU | ||
| 999 |
_c2975 _d2975 |
||